Books Cut Off At 'A' Quiz Stats

 Plays Quiz Updated Nov 30, 2018

Score 0/22 Timer 06:00
0 Plays Today
Cut Off at A Book % Correct
TO KILLA MOCKINGBIRD
99.2%
THE GODFATHER
98%
OF MICEAND MEN
97.8%
LES MISÉRABLES
97.4%
THE GIRL WITH THE DRAGON TATTOO
94.5%
THE HUNGER GAMES
90%
THE SECRET GARDEN
87.3%
THE PICTURE OF DORIAN GRAY
87%
BLEAK HOUSE
86.7%
SIDDHARTHA
86.5%
PERSUASION
79.7%
Cut Off at A Book % Correct
THE OLD MAN AND THE SEA
79.2%
THE TIME TRAVELER'S WIFE
69.6%
I KNOW WHY THE CAGED BIRD SINGS
64.6%
ONE HUNDRED YEARS OF SOLITUDE
62.2%
I, CLAUDIUS
61.9%
MIDDLEMARCH
58.2%
THE FOUNTAINHEAD
55.9%
THE GOD OF SMALL THINGS
45%
COLD COMFORT FARM
41.9%
THE REMAINS OF THE DAY
35.7%
THE UNBEARABLE LIGHTNESS OF BEING
34.8%

You're not logged in!

Compare scores with friends on all Sporcle quizzes.
OR
Log In

You Might Also Like...

Show Comments

Extras

Top Quizzes Today


Score Distribution

Your Account Isn't Verified!

In order to create a playlist on Sporcle, you need to verify the email address you used during registration. Go to your Sporcle Settings to finish the process.

Report this User

Report this user for behavior that violates our Community Guidelines.

Details: